Abū Ḥayyān at-Tawḥīdī : essayiste arabe du IVes. de l'Hégire (Xes.). Introduction a son oeuvre /

Saved in:

Main Author: Kīlānī, Ibrāhīm (Author)

Format: Book

Language: French

Published: Beyrouth : [publisher not identified], 1950.

Subjects:

Tags: Add Tag

No Tags, Be the first to tag this record!

Call Number: PJ7750 .A55 Z65 1950

LEADER 00979nam a22002537a 4500
003 OSt
005 20251110113343.0
008 251110t1950 le b 000 0bfre d
010 |a 51001922 
040 |c ARCE Library 
050 1 4 |a PJ7750 .A55  |b Z65 1950 
100 1 |6 880-01  |a Kīlānī, Ibrāhīm,  |e author 
245 1 0 |6 880-02  |a Abū Ḥayyān at-Tawḥīdī :   |b essayiste arabe du IVes. de l'Hégire (Xes.). Introduction a son oeuvre /   |c Ibrahim Keilani. 
246 3 0 |a essayiste arabe du IVe S. de l'Hégire (Xe S.) 
264 1 |a Beyrouth :   |b [publisher not identified],   |c 1950. 
300 |a 118 pages ;  |c 25 cm. 
500 |a At head of title : Institut français de Damas. 
504 |a Includes bibliographical references. 
600 1 0 |a Abū Ḥayyān al-Tawḥīdī, ʻAlī ibn Muḥammad,  |d active 10th century. 
650 0 |a Muslim philosophers  |v Biography. 
880 1 |6 100-01/(3/r  |a كيلاني، إبراهيم 
901 |a reviewed 
942 |c BK  |2 lcc 
999 |c 11915  |d 11915